000
00298nam a2200121Ia 4500
008
150731s2013 xx 000 0 und d
082
_a
617
_b
K 13 S
100
_a
SHARMA,AKHILAND
245
_a
KILNIKAL SHALYA VIGYAN
260
_b
CHAUKHAMBHA PUB. NEW DELHI
_c
2013
300
_a
290
942
_2
ddc
_c
BK
999
_c
7748
_d
7748